Представление документа в формате RUSMARC

ПолеНазваниеЗначение
  Тип записи a
  Библиографический уровень a
001 Контрольный номер RU/CBS_UL/BASE/587779238
005 Дата корректировки 20240209175228.4
100 Данные общей обработки __
a Данные общей обработки 20180816d2018 ||| 0rusy0189 ca
101 Язык документа 0_
a Язык текста rus
102 Страна публикации __
a Страна публикации RU
105 Кодированные данные (монография) __
a Кодированные данные (монография) y###||||000|y
200 Заглавие и сведения об ответственности 1_
a Заглавие Железная дорога перекраивает подходы к портам
b Общее обозначение материала Текст
e Сведения, относящиеся к заглавию [развитие железнодорожной инфраструктуры]
f Первые сведения об ответственности М. Клочкова, Е. Ракуль
300 Общие примечания __
a Общие примечания Ограничения по возрасту - 16+
461 Уровень набора _0
1 2000
a Эксперт
463 Уровень физической единицы _0
1 001RU/CBS_UL/BASE/587070341
1 2000
a № 25 (18 июня)
v С. 28-29.
1 210
d 2018
606 Тематические рубрики 0_
a Основная рубрика Железные дороги - Строительство
610 Ключевые слова 0_
a Ключевые слова строительство
a Ключевые слова железные дороги
a Ключевые слова инфраструктура
a Ключевые слова грузообороты
a Ключевые слова порты
a Ключевые слова грузы
686 Индексы других классификаций __
a Классификационный индекс 39.20
2 Код системы ББК
700 Автор _1
a Фамилия Клочкова
b Имя (инициалы) М.
701 Альтернативная интеллектуальная ответственность _1
a Фамилия Ракуль
b Имя (инициалы) Е.
801 Источник записи _0
a Страна RU
b Организация МБУК ЦБС г. Ульяновска
c Дата составления 20180816
g Правила каталогизации RCR
801 Источник записи _1
a Страна RU
b Организация МБУК ЦБС г. Ульяновска
c Дата составления 20180816
g Правила каталогизации RCR
901 Тип документа __
t Тип документа b
w Контрольный № источника RU/CBS_UL/BASE/587070341
910 Корректоры записи __
a Корректор записи Библиотека 8
938 Служебная информация __
a Имя БД period